1000 problemas de aritmética, algebra, geometria y trigonometría / (Record no. 169538)

MARC details
000 -LEADER
campo de control de longitud fija 00734nam a22002055i 4500
001 - NÚMERO DE CONTROL
campo de control 169538
003 - IDENTIFICADOR DE NÚMERO DE CONTROL
campo de control ES-MaACL
005 - FECHA Y HORA DE LA ÚLTIMA TRANSACCIÓN
campo de control 20250903020535.0
008 - DATOS DE LONGITUD FIJA--INFORMACIÓN GENERAL
campo de control de longitud fija 081009s1977 sp |||| | spa d
080 ## - NÚMERO DE LA CLASIFICACIÓN DECIMAL UNIVERSAL
Número de la Clasificación Decimal Universal 51(076)
245 00 - MENCIÓN DEL TÍTULO
Título 1000 problemas de aritmética, algebra, geometria y trigonometría /
Mención de responsabilidad, etc. N. Antonov [et al.] ; [traducido del ruso por Emilio Romero Ros] ; revisión... Rafael Portaencasa Baeza.
260 ## - PUBLICACIÓN, DISTRIBUCIÓN, ETC.
Lugar de publicación, distribución, etc. Madrid :
Nombre del editor, distribuidor, etc. Paraninfo,
Fecha de publicación, distribución, etc. 1977.
300 ## - DESCRIPCIÓN FÍSICA
Extensión 450 p. :
Otras características físicas il. ;
Dimensiones 22 cm.
650 14 - PUNTO DE ACCESO ADICIONAL DE MATERIA--TÉRMINO DE MATERIA
Término de materia o nombre geográfico como elemento de entrada Matemáticas-
Subdivisión de forma Problemas
9 (RLIN) 14830
700 1# - ENTRADA AGREGADA--NOMBRE PERSONAL
Nombre de persona Antonov, N.
9 (RLIN) 138673
700 1# - ENTRADA AGREGADA--NOMBRE PERSONAL
Nombre de persona Romero Ros, Emilio.
9 (RLIN) 99436
700 0# - ENTRADA AGREGADA--NOMBRE PERSONAL
Nombre de persona Portaencasa Baeza, Rafael.
9 (RLIN) 93186
852 ## - LOCALIZACIÓN
Ubicación ES-MaACL
Número de control de estantería A-6520
itemnumber R.95340
Holdings
Estatus retirado Estado de pérdida Estado de daño No para préstamo Biblioteca de origen Biblioteca actual Ubicación en estantería Fecha de adquisición Fuente de adquisición Total de préstamos Signatura topográfica completa Código de barras Visto por última vez Precio de reemplazo Tipo de ítem Koha
        Biblioteca del Ateneo de Madrid Biblioteca del Ateneo de Madrid Sala Pecera Planta 1 09/10/2008     A-6520 1177986 23/02/2023 23/02/2023 Libro impreso